000 00459nam a2200145Ia 4500
008 100204s9999 xx 000 0 und d
082 _b4294
100 _aठकार अंजली
245 _aउभी चढण सरेना
260 _b"निशान्त प्रकाशन , पुणे"
_c1980
300 _a153
630 _aउभी चढण सरेना
730 _aउभी चढण सरेना
942 _cBOOK
999 _c449080
_d449077